Boats and ships / (Record no. 667)

MARC details
000 -LEADER
fixed length control field 00833nam a22002537a 4500
005 - DATE AND TIME OF LATEST TRANSACTION
control field 20240614101603.0
020 ## - INTERNATIONAL STANDARD BOOK NUMBER
International Standard Book Number 9781740897976
040 ## - CATALOGING SOURCE
Original cataloging agency FISKH
Language of cataloging eng
Transcribing agency FISKH
Modifying agency FISKH
050 ## - LIBRARY OF CONGRESS CALL NUMBER
Classification number GV775.R93
082 ## - DEWEY DECIMAL CLASSIFICATION NUMBER
Classification number 623.82
100 ## - MAIN ENTRY--PERSONAL NAME
Personal name Ryan, Denise
245 ## - TITLE STATEMENT
Title Boats and ships /
Statement of responsibility, etc. Denise Ryan
260 ## - PUBLICATION, DISTRIBUTION, ETC.
Place of publication, distribution, etc. Sydney :
Name of publisher, distributor, etc. Weldon Owen,
Date of publication, distribution, etc. 2008.
300 ## - PHYSICAL DESCRIPTION
Extent 24 pages :
Other physical details color illustrations ;
Dimensions 23 cm
490 ## - SERIES STATEMENT
Series statement Top Readers
Volume/sequential designation Stage 1
505 ## - FORMATTED CONTENTS NOTE
Formatted contents note J<br/> <br/>
520 ## - SUMMARY, ETC.
Summary, etc. Ancient Chinese boats had special sails. What material was used to make them-was it cotton linen or bamboo? Modern ships carry hundreds of people across the world's oceans.
521 ## - TARGET AUDIENCE NOTE
Target audience note 500<br/>
Source Lexile estimate <br/>
521 ## - TARGET AUDIENCE NOTE
Target audience note J<br/><br/>
Source Raz-Plus<br/>
650 ## - SUBJECT ADDED ENTRY--TOPICAL TERM
Topical term or geographic name entry element Boats and ships
Form subdivision Ocean
650 ## - SUBJECT ADDED ENTRY--TOPICAL TERM
Topical term or geographic name entry element Boats and ships
Form subdivision Ocean
942 ## - ADDED ENTRY ELEMENTS (KOHA)
Source of classification or shelving scheme Dewey Decimal Classification
Koha item type Books
Suppress in OPAC No
999 ## -
-- 667
-- 667
Holdings
Withdrawn status Lost status Source of classification or shelving scheme Damaged status Not for loan Collection Home library Current library Shelving location Date acquired Total Checkouts Full call number Barcode Date last seen Copy number Price effective from Koha item type Date last checked out
    Dewey Decimal Classification     Non-Fiction Footprints International School Library Network Toul Kork Campus Footprints International School Library Network Toul Kork Campus TK Primary Library Room(4th Floor), Bookcase 7, Shelves 57-60, Dark Green Books 06/29/2023   RYA 623.82 GV775.R93 FISTKG4A008 06/29/2023 1 06/29/2023 Books  
    Dewey Decimal Classification     Non-Fiction Footprints International School Library Network Toul Kork Campus Footprints International School Library Network Toul Kork Campus TK Primary Library Room(4th Floor), Bookcase 7, Shelves 57-60, Dark Green Books 06/14/2024 1 RYA 623.82 GV775.R93 FISTKG3A067 09/09/2024 2 06/14/2024 Books 08/12/2024
    Dewey Decimal Classification     Non-Fiction Footprints International School Library Network Toul Tom Poung Campus Footprints International School Library Network Toul Tom Poung Campus TTP Primary Green Bookshelves 10/24/2025   RYA 623.82 GV775.R93 FISBK00014 10/24/2025 3 10/24/2025 Books